[Básne]

Bibliographic Details
Main Author: Danaj, Miroslav, 1946- (Author)
Format: Article
Language:Slovak
PhysicalDescription:Fotogr.
ISSN:1335-7786
Subjects:

MARC

LEADER 00000nab a2200000 a 4500
001 vtls010180361
003 SK-MaSNL
005 20260304155734.0
008 250507c2010 xo ||||||||||||00 b|slo
015 |a SNBRB2010/10  |2 snkbucl 
035 |a (uuid)5eb57c91-be2b-4022-930a-625090f1f0b4 
035 |a urn:nbn:sk:snk-abeuvy 
035 |a (urnnbn)urn:nbn:sk:snk:ar-000j5g 
038 |a SNKBUCL 
040 |a SNKBUCL  |b slo  |c SNKBUCL  |e AACR2 
041 0 |a slo 
044 |a xo  |c SK 
080 |a 821.162.4-1  |2 2001 
100 1 |a Danaj, Miroslav,  |d 1946-  |4 aut  |9 119882 
245 1 0 |a [Básne]  |c Miroslav Danaj 
300 |b Fotogr. 
500 |a Blok obsahuje 7 básní 
650 0 7 |a slovenská poézia  |2 snkbucl  |9 215422 
740 0 2 |a Poraď 
740 0 2 |a Rieka nepočká 
740 0 2 |a Rob niečo 
740 0 2 |a Aby mi neodišiel- 
740 0 2 |a Anjeli neštrajkujú 
740 0 2 |a Teplo 
740 0 2 |a Tieňomilná žena 
773 0 |t Slovenské pohľady  |g Roč. IV.+126., č. 9 (2010), s. 62-66  |x 1335-7786 
850 |a Slovenská národná knižnica 
852 |a Slovenská národná knižnica 
958 |a article27 
958 |a LX 
958 |a SK 
958 |a OND 
958 |a EUIPO 
999 |c 2963978  |d 2965908